[Event "GER-chT U14"]
[Site "Kelheim"]
[Date "2022.12.30"]
[Round "7"]
[White "Klaus, Daniel1111"]
[Black "Eichner, Tim"]
[Result "0-1"]
[WhiteElo "1193"]
[BlackElo "1551"]
[PlyCount "72"]
[EventDate "2022.12.26"]
[EventType "team-swiss"]
[EventRounds "7"]
[EventCountry "GER"]
[SourceTitle "CBM 212 Extra"]
[Source "ChessBase"]
[SourceDate "2023.03.31"]
[SourceVersion "1"]
[SourceVersionDate "2023.03.31"]
[SourceQuality "1"]
[WhiteTeam "Essen Katernberg"]
[BlackTeam "Dresden TU"]
[WhiteTeamCountry "GER"]
[BlackTeamCountry "GER"]

1. e4 e5 2. d4 exd4 3. Nf3 Nc6 4. Bc4 Nf6 5. e5 d5 6. Bb5 Ne4 7. Nxd4 Bd7 8. Bxc6 bxc6 9. 0-0 Bc5 10. f3 Ng5 11. f4 Ne4 12. Be3 Bb6 13. Nd2 Nxd2 14. Qxd2 c5 15. Nf3 d4 16. Bf2 Bc6 17. Bh4 Qd7 18. f5 Qxf5 19. Ng5 Qg6 20. Nxf7 Rf8 21. Ng5 Rxf1+ 22. Rxf1 0-0-0 23. Nh3 Re8 24. Nf4 Qe4 25. Re1 Qf5 26. Bg3 Rxe5 27. Rf1 Qg5 28. Qd3 c4 29. Qd1 Re8 30. Kh1 Bc5 31. Re1 Rxe1+ 32. Qxe1 Bd6 33. Qf2 h5 34. Ne2 Bxg3 35. Qxg3 Qd2 36. Qh3+ Kb8 0-1

[Event "GER-chT U14"]
[Site "Kelheim"]
[Date "2022.12.29"]
[Round "6"]
[White "Buettner, Anton"]
[Black "Eichner, Tim"]
[Result "0-1"]
[WhiteElo "1299"]
[BlackElo "1551"]
[PlyCount "130"]
[EventDate "2022.12.26"]
[EventType "team-swiss"]
[EventRounds "7"]
[EventCountry "GER"]
[SourceTitle "CBM 212 Extra"]
[Source "ChessBase"]
[SourceDate "2023.03.31"]
[SourceVersion "1"]
[SourceVersionDate "2023.03.31"]
[SourceQuality "1"]
[WhiteTeam "Baden-Baden"]
[BlackTeam "Dresden TU"]
[WhiteTeamCountry "GER"]
[BlackTeamCountry "GER"]

1. e4 e5 2. Bc4 Nc6 3. Nc3 Nf6 4. d3 Bc5 5. f4 d6 6. f5 a6 7. a3 Ne7 8. Nf3 d5 9. Bb3 dxe4 10. dxe4 Qxd1+ 11. Nxd1 Nxe4 12. Nxe5 f6 13. Nd3 Bxf5 14. Ne3 Bxe3 15. Bxe3 0-0-0 16. 0-0-0 Rhe8 17. Nf4 Nc6 18. Rxd8+ Rxd8 19. Ne6 Rd7 20. Nf8 Re7 21. Rf1 Bg4 22. Rf4 f5 23. Be6+ Kd8 24. Bxf5 Bxf5 25. Rxf5 g6 26. Rf1 Ke8 27. Rf4 g5 28. Rf1 b6 29. c3 Nb8 30. Kc2 Rf7 31. Rxf7 Kxf7 32. Nxh7 Kg6 33. Nxg5 Nxg5 34. b4 Nc6 35. c4 Kf5 36. c5 b5 37. Bf2 Ne4 38. Be1 Ne5 39. Kb3 Nc4 40. h3 Ne3 41. g4+ Kf4 42. Bh4 Ng5 43. a4 c6 44. axb5 axb5 45. Kc3 Ng2 46. Bxg5+ Kxg5 47. Kd4 Nf4 48. Ke4 Nd5 49. Kf3 Nxb4 50. h4+ Kxh4 51. Kf4 Nd5+ 52. Kf5 b4 53. Ke4 Kxg4 54. Kd3 Kf3 55. Kc2 Ke3 56. Kb1 Kd4 57. Kb2 Kxc5 58. Kc1 Kd4 59. Kd2 b3 60. Kc1 Kc3 61. Kb1 b2 62. Ka2 Kc2 63. Ka3 b1Q 64. Ka4 Nb6+ 65. Ka5 Qb5# 0-1

[Event "GER-chT U14"]
[Site "Kelheim"]
[Date "2022.12.28"]
[Round "4"]
[White "Eichner, Tim"]
[Black "Li, Luxuan"]
[Result "1-0"]
[WhiteElo "1551"]
[BlackElo "1380"]
[PlyCount "67"]
[EventDate "2022.12.26"]
[EventType "team-swiss"]
[EventRounds "7"]
[EventCountry "GER"]
[SourceTitle "CBM 212 Extra"]
[Source "ChessBase"]
[SourceDate "2023.03.31"]
[SourceVersion "1"]
[SourceVersionDate "2023.03.31"]
[SourceQuality "1"]
[WhiteTeam "Dresden TU"]
[BlackTeam "Kiel Doppelbauer"]
[WhiteTeamCountry "GER"]
[BlackTeamCountry "GER"]

1. e4 e5 2. Nf3 Nc6 3. Bc4 Bc5 4. Nc3 d6 5. d3 Bg4 6. h3 Bh5 7. Be3 Bb6 8. g4 Bxe3 9. fxe3 Bg6 10. Qe2 Na5 11. Bb3 Nxb3 12. axb3 a6 13. 0-0-0 f6 14. d4 Qe7 15. Nd5 Qf7 16. dxe5 0-0-0 17. Qc4 Kb8 18. e6 Qe8 19. Qxc7+ Ka7 20. Qb6+ Kb8 21. Nb4 Ka8 22. Rxd6 Rxd6 23. Qxd6 Bxe4 24. Rf1 Ne7 25. Nd4 Qd8 26. Qxd8+ Rxd8 27. Rf2 a5 28. Na2 Nc6 29. Nc3 Nxd4 30. exd4 Rxd4 31. Nb5 Rd8 32. e7 Rc8 33. e8Q Rxe8 34. Nc7+ 1-0

[Event "GER-chT U10"]
[Site "Magdeburg"]
[Date "2017.12.29"]
[Round "7.4"]
[White "Fischer, Darja"]
[Black "Eichner, Tim"]
[Result "0-1"]
[WhiteElo "1212"]
[BlackElo "1131"]
[PlyCount "40"]
[EventDate "2017.12.27"]
[EventType "team-swiss"]
[EventRounds "7"]
[EventCountry "GER"]
[SourceTitle "EXT 2019"]
[Source "ChessBase"]
[SourceDate "2018.10.10"]
[SourceVersion "1"]
[SourceVersionDate "2018.10.10"]
[SourceQuality "1"]
[WhiteTeam "Karlsruhe SF"]
[BlackTeam "Dresden TU"]
[WhiteTeamCountry "GER"]
[BlackTeamCountry "GER"]

1. e4 e5 2. Nf3 Nc6 3. Nc3 Nf6 4. Bb5 Bd6 5. 0-0 a6 6. Bc4 Bc5 7. d3 d6 8. Bg5 h6 9. Bh4 Bg4 10. h3 Bh5 11. Nd5 Nd4 12. c3 Nxf3+ 13. gxf3 Rg8 14. Kh1 g5 15. Bg3 g4 16. fxg4 Nxg4 17. hxg4 Bxg4 18. Qe1 Bf3+ 19. Kg1 Rxg3+ 20. Kh2 Qh4# 0-1

[Event "GER-chT U10"]
[Site "Magdeburg"]
[Date "2016.12.28"]
[Round "4.3"]
[White "Eichner, Tim"]
[Black "Liebetanz, Arthur"]
[Result "1-0"]
[WhiteElo "818"]
[BlackElo "600"]
[PlyCount "51"]
[EventDate "2016.12.27"]
[EventType "team-swiss"]
[EventRounds "7"]
[EventCountry "GER"]
[SourceTitle "EXT 2018"]
[Source "ChessBase"]
[SourceDate "2017.10.13"]
[SourceVersion "1"]
[SourceVersionDate "2017.10.13"]
[SourceQuality "1"]
[WhiteTeam "Dresden TU"]
[BlackTeam "Goettingen Rochade"]
[WhiteTeamCountry "GER"]
[BlackTeamCountry "GER"]

1. e4 e5 2. Nf3 Nc6 3. Bc4 Nf6 4. d3 d5 5. exd5 Nxd5 6. 0-0 Bc5 7. Re1 0-0 8. Nxe5 Bb4 9. Nxc6 Qd7 10. Nxb4 Nxb4 11. Nc3 Qf5 12. Be3 Be6 13. Bxe6 fxe6 14. Ne4 Nd5 15. Qd2 Nxe3 16. Rxe3 a5 17. Rae1 h6 18. Ng3 Qf6 19. Rxe6 Qxb2 20. a4 Qa2 21. R6e4 Rf7 22. Qc3 c6 23. Nh5 Raf8 24. R1e2 Qb1+ 25. Re1 Rxf2 26. Rxb1 1-0